01087nam a22002055i 4500001000700000003000900007005001700016008004100033080001600074100002300090245019400113260004300307300002200350505023100372650004600603650003800649852005000687999001900737952012500756167751ES-MaACL20250806064056.0971021s1879 sp |||| | spa d a61(035.062)1 aVollet, E.913382610aGuía práctica para conservar y recobrar la salud, o Tratado completo de medicina y farmacia domésticas al alcance de todo el mundo... : bdividida en tres partes... / cpor E. Vollet. aMadrid : bA. de San Martín, c1879. a445 p. ; c19 cm.8 aContiene: 1ª Parte. Descripción de todas las enfermedades ordenadas por orden alfabético -- 2ª Parte: 1ª Sección. Botánica medicinal ; 2ª Sección. Farmacia doméstica -- 3ª Parte. Nociones de higiene práctica 4aMedicina-vObras de divulgación.914913 7aPlantas medicinales2embne9161184 aES-MaACLjB-13454 z- Enc. pasta española c167751d167751 001040708LIBXIXaATENEOMbATENEOMcSPBd2008-01-17eSSCl0oB-13454p1175988r2023-02-23 00:00:00w2023-02-23yMONANT